[Event "Cheliabinsk Region-ch"]
[Site "Cheliabinsk"]
[Date "2008.03.03"]
[Round "3"]
[White "Sotnikov, Alexander I"]
[Black "Tsiulin, Viktor"]
[Result "1-0"]
[WhiteElo "2256"]
[BlackElo "2127"]
[PlyCount "135"]
[EventDate "2008.03.01"]
[EventType "swiss"]
[EventRounds "9"]
[EventCountry "RUS"]
[SourceTitle "CBM 123 Extra"]
[Source "ChessBase"]
[SourceDate "2008.05.06"]
[SourceVersion "1"]
[SourceVersionDate "2008.05.06"]
[SourceQuality "1"]

1. Nf3 d5 2. b3 c5 3. e3 Nc6 4. Bb2 Nf6 5. Bb5 a6 6. Bxc6+ bxc6 7. Ne5 Qc7 8. 0-0 e6 9. d3 Bd6 10. f4 0-0 11. Nd2 Nd7 12. Ndf3 f6 13. Ng4 e5 14. fxe5 fxe5 15. Qe2 h5 16. Nf2 Nf6 17. e4 Nh7 18. exd5 cxd5 19. Bxe5 Qe7 20. Rae1 Re8 21. d4 cxd4 22. Qd3 Bb7 23. Bxd6 Qxd6 24. Nxd4 Nf6 25. Nf5 Qc7 26. h3 Rac8 27. Nd4 Qb6 28. c3 Qc5 29. Rxe8+ Rxe8 30. Qg3 Bc8 31. Nd1 Rf8 32. b4 Qe7 33. Qg5 Re8 34. a4 Bd7 35. b5 Qe5 36. Qxe5 Rxe5 37. bxa6 Bxa4 38. Nb2 Bd7 39. Nd3 Re8 40. Nb4 Ra8 41. Ra1 Kf8 42. Ra5 Ke7 43. Nxd5+ Nxd5 44. Rxd5 Rxa6 45. Rxh5 Ra1+ 46. Kh2 Rc1 47. Re5+ Kf6 48. Re3 Rd1 49. Rf3+ Ke7 50. h4 g6 51. Kg3 Rd2 52. Re3+ Kf6 53. Nf3 Rc2 54. Rd3 Bf5 55. Rd6+ Ke7 56. Rc6 Be4 57. Rc4 Bd5 58. Rd4 Ke6 59. Rd3 Rb2 60. Rd2 Rb1 61. Re2+ Kf6 62. Ne5 Rc1 63. Re3 Rc2 64. Nf3 Bb7 65. Rd3 Be4 66. Rd4 Bb7 67. Rd6+ Ke7 68. Rxg6 1-0

[Event "Cheliabinsk Region-ch"]
[Site "Cheliabinsk"]
[Date "2008.03.02"]
[Round "2"]
[White "Volozhanin, Boris"]
[Black "Tsiulin, Viktor"]
[Result "0-1"]
[WhiteElo "1829"]
[BlackElo "2127"]
[PlyCount "106"]
[EventDate "2008.03.01"]
[EventType "swiss"]
[EventRounds "9"]
[EventCountry "RUS"]
[SourceTitle "CBM 123 Extra"]
[Source "ChessBase"]
[SourceDate "2008.05.06"]
[SourceVersion "1"]
[SourceVersionDate "2008.05.06"]
[SourceQuality "1"]

1. e4 e6 2. d4 d5 3. e5 c5 4. c3 Qb6 5. Bd3 Bd7 6. Nf3 cxd4 7. cxd4 Nc6 8. Bc2 Nb4 9. Ba4 Nd3+ 10. Qxd3 Bxa4 11. Nc3 Bb4 12. Nd2 Bxc3 13. bxc3 Bb5 14. Qg3 Ne7 15. a4 Nf5 16. Qf4 Ba6 17. g4 Ne7 18. Ba3 Qc6 19. c4 dxc4 20. 0-0 Nd5 21. Qf3 0-0-0 22. Rfc1 Kb8 23. Qxf7 Ka8 24. Bc5 c3 25. Ne4 g5 26. Rxc3 Nxc3 27. Nxc3 b6 28. Nb5 Bb7 29. d5 Rxd5 30. Nc7+ Kb8 31. Nxd5 Qxd5 32. Bd6+ Ka8 33. f3 Qd4+ 34. Kg2 Qxa1 35. Qxe6 Qxa4 36. Qf6 Qxg4+ 37. Kf2 Qxf3+ 38. Qxf3 Bxf3 39. Kxf3 Kb7 40. Kg4 Kc6 41. Kxg5 Kd5 42. Kf6 Re8 43. h4 Re6+ 44. Kf5 Rxd6 45. exd6 Kxd6 46. Kf6 a5 47. Kg7 a4 48. Kxh7 a3 49. h5 a2 50. h6 a1Q 51. Kg8 b5 52. h7 b4 53. h8Q Qxh8+ 0-1

[Event "Cheliabinsk Region-ch"]
[Site "Cheliabinsk"]
[Date "2008.03.01"]
[Round "1"]
[White "Tsiulin, Viktor"]
[Black "Efanov, Nikolai Aleksandrov"]
[Result "0-1"]
[WhiteElo "2127"]
[BlackElo "2346"]
[PlyCount "64"]
[EventDate "2008.03.01"]
[EventType "swiss"]
[EventRounds "9"]
[EventCountry "RUS"]
[SourceTitle "CBM 123 Extra"]
[Source "ChessBase"]
[SourceDate "2008.05.06"]
[SourceVersion "1"]
[SourceVersionDate "2008.05.06"]
[SourceQuality "1"]

1. e4 c5 2. Nc3 d6 3. f4 g6 4. Nf3 Bg7 5. d4 cxd4 6. Nxd4 Nf6 7. Be2 0-0 8. Be3 Nc6 9. Qd2 Bd7 10. 0-0-0 a6 11. Kb1 Rc8 12. Nxc6 Bxc6 13. Bf3 b5 14. h4 h5 15. Bd4 e6 16. Qe3 b4 17. Ne2 Qc7 18. Bb6 Qb7 19. e5 dxe5 20. Bc5 e4 21. Bxf8 Kxf8 22. Bxh5 gxh5 23. f5 Bd5 24. Qg5 Qc7 25. Rd2 e3 26. Qxe3 Ne4 27. fxe6 Nxd2+ 28. Qxd2 Bxe6 29. Rf1 Qe5 30. c3 bxc3 31. Nxc3 Kg8 32. a3 Qa5 0-1